[Event "Quebec-ch U18"]
[Site "Montreal"]
[Date "2006.03.03"]
[Round "1"]
[White "Milosz, Robin"]
[Black "Minville, Gael"]
[Result "0-1"]
[WhiteElo "955"]
[BlackElo "1564"]
[PlyCount "66"]
[EventDate "2006.03.03"]
[EventType "swiss"]
[EventRounds "5"]
[EventCountry "CAN"]
[SourceTitle "EXT 2007"]
[Source "ChessBase"]
[SourceDate "2006.11.23"]
[SourceVersion "1"]
[SourceVersionDate "2006.11.23"]
[SourceQuality "1"]

1. d4 Nf6 2. e3 c5 3. Nf3 d5 4. Bb5+ Nc6 5. dxc5 e6 6. c4 Bxc5 7. cxd5 exd5 8. 0-0 0-0 9. Nc3 Bg4 10. h3 Bh5 11. g4 Bg6 12. Nh4 Ne4 13. Nxg6 Nxc3 14. bxc3 fxg6 15. Bxc6 bxc6 16. f4 Qb6 17. Rf3 Rae8 18. Qe2 Re4 19. Kh1 Rfe8 20. Qf2 Bxe3 21. Bxe3 Rxe3 22. Rxe3 Qxe3 23. Qxe3 Rxe3 24. Kg2 Rxc3 25. a4 Kf7 26. f5 gxf5 27. gxf5 Kf6 28. Rf1 c5 29. Rf4 Ra3 30. Kf2 d4 31. Ke2 Rxh3 32. Kd2 a5 33. Kc2 h5 0-1

[Event "Quebec-ch U18"]
[Site "Montreal"]
[Date "2006.03.03"]
[Round "1"]
[White "Minville, Gael"]
[Black "Ye, Ling Feng"]
[Result "1/2-1/2"]
[WhiteElo "1564"]
[BlackElo "2021"]
[PlyCount "41"]
[EventDate "2006.03.03"]
[EventType "swiss"]
[EventRounds "5"]
[EventCountry "CAN"]
[SourceTitle "EXT 2007"]
[Source "ChessBase"]
[SourceDate "2006.11.23"]
[SourceVersion "1"]
[SourceVersionDate "2006.11.23"]
[SourceQuality "1"]

1. c4 Nf6 2. Nc3 g6 3. g3 Bg7 4. Bg2 0-0 5. Nf3 c5 6. 0-0 Nc6 7. d3 d6 8. Rb1 Bf5 9. Bd2 Nd7 10. a3 Qc8 11. Nd5 Nb6 12. b4 cxb4 13. Nxb6 axb6 14. axb4 Qc7 15. Qb3 Ra7 16. Bc3 Bxc3 17. Qxc3 Rfa8 18. b5 Ra3 19. Rb3 Rxb3 20. Qxb3 Na5 21. Qb2 1/2-1/2